Представление документа в формате RUSMARC

ПолеНазваниеЗначение
  Тип записи a
  Библиографический уровень a
001 Контрольный номер RU/REG73/CBS_GRAD/1beb6c6014f148c580681daceb61ce78
005 Дата корректировки 20250605131354.5
100 Данные общей обработки __
a Данные общей обработки 20231013d2020####|||c0rusy0189 ca
101 Язык документа 0_
a Язык текста rus
102 Страна публикации __
a Страна публикации RU
105 Кодированные данные (монография) __
a Кодированные данные (монография) y###||||000|y
181 Поле кодированных данных: вид содержания _0
a Код вида содержания (ISBD) i#
b Код характеристики содержания (ISBD) #xxe##
200 Заглавие и сведения об ответственности 1_
a Заглавие Чаша жизни Ивана Бунина
e Сведения, относящиеся к заглавию [очерк посвящен юбилею русского писателя и поэта]
f Первые сведения об ответственности О. Даранова
461 Уровень набора _0
1 2000
a Симбирскъ
463 Уровень физической единицы _0
1 2000
a № 9 (86)
v С.7-12
1 2101
d 2020
1 001RU/REG73/CBS_GRAD/3eb13bcdb9f24204bf6155924e6cc3c3
600 Персоналии _1
a Персоналии (Фамилия) Бунин
b Персоналии (Имя, инициалы) И.
606 Тематические рубрики 0_
a Основная рубрика Русские писатели
610 Ключевые слова 0_
a Ключевые слова русские писатели, юбилеи писателя, русские поэты, поэты, литературоведение, юбилеи, писатели
686 Индексы других классификаций __
a Классификационный индекс 84(2 Рос=Рус)6
2 Код системы rubbk
700 Автор _1
a Фамилия Даранова
b Имя (инициалы) О.
g Полное личное имя Ольга
801 Источник записи _0
a Страна RU
b Организация RuCBSGrad
c Дата составления 20231013
g Правила каталогизации RCR
801 Источник записи _1
a Страна RU
b Организация RuCBSGrad
c Дата составления 20231013
g Правила каталогизации RCR
852 Данные о местонахождении __
a Наименование организации МБУК ЦБС г. Димитровграда
901 Тип документа __
t Тип документа b
w Контрольный № источника RU/REG73/CBS_GRAD/3eb13bcdb9f24204bf6155924e6cc3c3
909 Создатель записи __
a Создатель записи Тенигина